| 000 | 00541nam a2200217Ia 4500 | ||
|---|---|---|---|
| 003 | 0100 | ||
| 008 | 130227s9999 xx 000 0 und d | ||
| 040 | _cARRUPELIB | ||
| 050 | _aJZ6392.D68 2009 | ||
| 100 | _aDower, Nigel | ||
| 245 | 4 | _aThe ethics of war and peace | |
| 245 | _bcosmopolitan and other perspectives | ||
| 260 | _aCambridge | ||
| 260 | _bPolity | ||
| 260 | _C2009 | ||
| 300 | _a220p. | ||
| 300 | _b 23 cm | ||
| 650 | _bChivowa Hill, (Zimbabwe) - Excavations | ||
| 650 | _cZimbabwe - Antiquities | ||
| 942 |
_2lcc _01 |
||
| 999 |
_c6109 _d6109 |
||